00488nam a2200157 a 450000100100000000500170001000800410002704000250006808200130009310000220010624500860012826000380021430000210025250400280027350500290030100004136920201002034829.0131001s1962 xxu 001 0 spa d aDO-SdBNPbengcBNPHU axxxbxxx1 aGrazia, Alfred de10aPolitics and government. :bthe elements of politicalscience /cAlfred de Grazia. aNew York :bCollier Books,c1962. a388 p. ;c18 cm. aBibliography p: 369-3732 tPolitical Behaviorgv. 1